000 00725nam a22002655i 4500
001 10710
003 ES-MaACL
005 20240528062715.0
007 t|
008 920914s1995 sp ||||0| spa j
020 _a8486351685
080 _a860-14"19"
100 1 _aSerna, Carmen.
_9105565
245 1 0 _aDesvelada /
_cCarmen Serna.
250 _a[1ª ed.].
260 _aHumanes, Madrid :
_bJuan Pastor,
_c1995.
300 _a79 p. ;
_c20 cm.
490 1 _aDevenir ;
_v88
650 4 _916177
_aPoesía española-
_yS.XX
655 7 _2tgfbne
_aPoesías
_9176539
830 0 0 _aDevenir.
_pSerie Poesía ;
_v88
_9236243
852 _aES-MaACL
_jP-1931 Nº 88
_bR.124270
_911003
942 _2udc
999 _c10710
_d10710